| 000 | 00520nam a2200193Ia 4500 | ||
|---|---|---|---|
| 005 | 20240823050130.0 | ||
| 008 | 240823s9999||||xx |||||||||||||| ||und|| | ||
| 020 | _a978-84-224-3029-5 | ||
| 041 | _aENGLISH | ||
| 082 | _A547.1223 Q2 | ||
| 100 | _aNasipuri D | ||
| 245 | 0 | _aStereochemistry of Organic Compounds Principles and applications | |
| 250 | _a3rd | ||
| 260 |
_c2012 _bNew Age International (P _aNew Delhi |
||
| 500 | _aTRANSFERED | ||
| 650 |
_astereochemistry _bChemistry |
||
| 942 | _cBK | ||
| 999 |
_c216549 _d216549 |
||